Normal view
MARC view
- Prasang H Rank
Entry Personal Name
001 - CONTROL NUMBER
- control field: 4261
003 - CONTROL NUMBER IDENTIFIER
- control field: OSt
005 - DATE AND TIME OF LATEST TRANSACTION
- control field: 20190717143003.0
008 - FIXED-LENGTH DATA ELEMENTS
- fixed length control field: 190717|| aca||aabn | a|a d
040 ## - CATALOGING SOURCE
- Original cataloging agency: OSt
- Transcribing agency: OSt
100 ## - HEADING--PERSONAL NAME
- Personal name: Prasang H Rank
670 ## - SOURCE DATA FOUND
- Source citation: Work cat.: (OSt): Prasang H Rank, Development and evaluation of an automated pulse irrigation system, 2019
